All the best, George Bush : (Record no. 12862)

MARC details
000 -BAŞLIK
Sabit Uzunlukta Kontrol Alanı 00842nam a2200241 4500
999 ## - SİSTEM KONTROL NUMARALARI (KOHA)
Koha Biblionumber 12862
Koha Biblioitemnumber 12862
003 - KONTROL NUMARASI IDENTIFIER
Denetim Alanı MIRAKIL
005 - SON İŞLEM TARİHİ VE ZAMANI
Denetim Alanı 20190307134209.0
008 - SABİT-BOY VERİ ELEMANLARI - GENEL BİLGİLER
Sabit Uzunlukta Kontrol Alanı 190307b tu ||||| |||| 00| 0 tur d
020 ## - ULUSLARARASI STANDART KİTAP NUMARASI
Uluslararası Standart Kitap Numarası 068483958x
040 ## - KATALOGLAMA KAYNAK
Orijinal Kataloglama Ajansı TR-AnCHP
Metne Dönüştürmek Ajansı TR-AnCHP
041 ## - DİL KODU
Metin / Ses Parça Veya Ayrı Başlığın Dil Kodu eng
082 ## - DEWEY ONLU SINIFLANDIRMA NUMARASI
Sınıflandırma Numarası 973.928092
Ürün Numarası B87a 1999
100 ## - ANA GİRİŞ - KİŞİSEL İSİM
Kişisel Ad Bush, George
245 10 - BAŞLIK TABLOSU
Başlık All the best, George Bush :
Başlığın Kalan my life in letters and other writings /
Sorumluluk Tablosu, Vb George Bush.
246 ## - UNVAN FORM VARYING
Başlık Doğru / Kısa Başlığı my life in letters and other writings
260 ## - YAYIN, DAĞITIM, VB
Yayın, Dağıtım, Vb Yeri New York:
Yayıncı, Dağıtıcı, Vs Adı Scribner,
Yayın, Dağıtım, Vb Tarihi 1999.
300 ## - FİZİKSEL TANIM
Kapsam 640 s.:
Diğer Fiziksel Ayrıntıları fotğ.,
Boyutlar 24 sm.
504 ## - KAYNAKÇA VB NOT
Kaynakça Vb Notu Dizin vardır.
600 #0 - KONU KATMA GİRİŞ - KURUMSAL ADI
9 (RLIN) 5343
Kişisel Ad Bush, George
Başlıklar Ve Bir Adla İlişkili Diğer Kelimeler Amerika Birleşik Devletleri başkanı
Bir Adıyla İlişkilendirilen Tarihler 1946-
Genel Alt Bölümü yaşamöyküsü
650 #0 - KONU KATMA GİRİŞ - TOPİKAL DÖNEM
9 (RLIN) 5273
Topikal Süreli Veya Coğrafi Ad Giriş Elemanı Devlet başkanları
Genel Alt Bölümü Amerika Birleşik Devletleri yazışmaları
740 ## - KATMA GİRİŞ - KONTROLSUZ İLGİLİ / ANALİTİK BAŞLIK
Kontrol Edilmeyen / İlgili Analitik Başlıktaki my life in letters and other writings
942 ## - EKLENDİ GİRİŞ ELEMANLARI (KOHA)
Sınıflandırma Veya Raf Düzeni Kaynak Dewey Decimal Classification
Koha Öğesi Türü Books
Holdings
Kalıcı Konum Mevcut Konum Edinme Tarihi Edinim Kaynak Toplam Check-Out'Lar Tam Çağrı Numarası Barkod Tarih Son Görülme İtibaren Geçerli Fiyatlar Sigara Kamu Notu Koha Öğesi Türü
CHP Kütüphanesi CHP Kütüphanesi 03/07/2019 Bağış   973.928092 B87a 1999 018950 03/07/2019 03/07/2019 Ertuğrul Çepni bağışıdır. Books